| 000 | 00813nam a22002177a 4500 | ||
|---|---|---|---|
| 999 |
_c9759 _d9759 |
||
| 001 | 9759 | ||
| 003 | BD-JhCC | ||
| 005 | 20180920090914.0 | ||
| 008 | 180325b1982 bg ||||| |||| 00| 0 ben d | ||
| 035 | _a(BD-JhCC)9759 | ||
| 040 |
_aBD-JhCC _dBD-JhCC |
||
| 041 | _aben | ||
| 082 |
_a337 _bKHA 1982 |
||
| 100 | _aখান, গোলাম রহমান | ||
| 245 |
_aমুদ্রাতত্ত্ব ব্যাঙ্কিং : _b সরকারী অর্থব্যবস্থা ও আন্তর্জাতিক অর্থনীতি / _c গোলাম রহমান খান |
||
| 260 |
_aঢাকা : _bনওরোজ কিতাবিস্তান _c1982. |
||
| 300 |
_a301 p. : _c22 cm. |
||
| 650 | _aInternational ecoromic relations | ||
| 942 |
_2ddc _cBK |
||